Slovník pojmov z vynálezcovstva a zlepšovateľstva
Saved in:
| Main Author: | |
|---|---|
| Other Authors: | |
| Format: | Book |
| Language: | Slovak |
| Published: |
Bratislava
Práca
1987
|
| Edition: | 1. vyd. |
| Series: | Knižnica mzdových a pracovnoprávnych príručiek
Zv.12/87 |
| Tags: |
No Tags, Be the first to tag this record!
|
MARC
| LEADER | 00000nam a2200000 4500 | ||
|---|---|---|---|
| 001 | c022326 | ||
| 005 | 20221219095205.3 | ||
| 041 | 0 | |a slo | |
| 044 | |a SK | ||
| 245 | 1 | 0 | |a Slovník pojmov z vynálezcovstva a zlepšovateľstva |c Karel Špindler, Vlastislav Vondrák |
| 250 | |a 1. vyd. | ||
| 264 | 1 | |a Bratislava |b Práca |c 1987 | |
| 300 | |a 194 s. | ||
| 490 | 1 | |a Knižnica mzdových a pracovnoprávnych príručiek |v Zv.12/87 | |
| 830 | 0 | |a Knižnica mzdových a pracovnoprávnych príručiek |v Zv.12/87 | |
| 100 | 1 | |a Špindler, Karel | |
| 700 | 1 | |a Vondrák, Vlastislav | |